Formen internationaler Beziehungen in der frühen Neuzeit : Frankreich und das alte Reich im europäischen Staatensystem. Festschrift für Klaus Malettke zum 65. Geburtstag. Herausgegeben von Sven Externbrink und Jörg Ulbert, Berlin, Duncker und Humblot, coll. « Historische Forschungen », 2001, 1 vol. 23,5 × 16 cm de 550 p. (notice n° 1747170)
[ vue normale ]
| 000 -LEADER | |
|---|---|
| fixed length control field | 00771cam a2200145 4500500 |
| 005 - DATE AND TIME OF LATEST TRANSACTION | |
| control field | 20260322005259.0 |
| 041 ## - LANGUAGE CODE | |
| Language code of text/sound track or separate title | fre |
| 042 ## - AUTHENTICATION CODE | |
| Authentication code | dc |
| 100 10 - MAIN ENTRY--PERSONAL NAME | |
| Personal name | Quantin, Jean-Louis |
| Relator term | author |
| 245 00 - TITLE STATEMENT | |
| Title | Formen internationaler Beziehungen in der frühen Neuzeit : Frankreich und das alte Reich im europäischen Staatensystem. Festschrift für Klaus Malettke zum 65. Geburtstag. Herausgegeben von Sven Externbrink und Jörg Ulbert, Berlin, Duncker und Humblot, coll. « Historische Forschungen », 2001, 1 vol. 23,5 × 16 cm de 550 p. |
| 260 ## - PUBLICATION, DISTRIBUTION, ETC. | |
| Date of publication, distribution, etc. | 2003.<br/> |
| 500 ## - GENERAL NOTE | |
| General note | 76 |
| 786 0# - DATA SOURCE ENTRY | |
| Note | Dix-septième siècle | 219 | 2 | 2003-06-01 | p. 357m-376m | 0012-4273 |
| 856 41 - ELECTRONIC LOCATION AND ACCESS | |
| Uniform Resource Identifier | <a href="https://shs.cairn.info/revue-dix-septieme-siecle-2003-2-page-357m?lang=fr&redirect-ssocas=7080">https://shs.cairn.info/revue-dix-septieme-siecle-2003-2-page-357m?lang=fr&redirect-ssocas=7080</a> |
Pas d'exemplaire disponible.




Réseaux sociaux